000 00373pab a2200157 454500
008 180718b2007 xxu||||| |||| 00| 0 eng d
100 _aVinod, M.J.
245 _aIndia-United States nuclear deal: issues and challenges
260 _c2007
300 _ap.4-10.
362 _a6 Jul
650 _aNuclear weapons
773 _aMainstream
908 _aN
909 _a74588
999 _c74588
_d74588